000 00480nam a2200169Ia 4500
008 240729s9999 xx 000 0 und d
022 _a2671-8804
245 0 _aKorean Journal of Transplantation
260 _aKorea, Republic of
260 _bKorean Society for Transplantation
650 _a Medical technology
650 _a Medicine (General)
650 _aMedicine
856 _uhttps://doaj.org/toc/3aaca348e81649c492f601c96064ae0b
942 _2ddc
942 _cDOAJEJ
999 _c67337
_d67337
945 _a1
_bMadushi Gamage
_c1
_dMadushi Gamage